Augustan poetry and the roman republic /

Guardado en:
Otros Autores: Farrell, Joseph, ed., Nelis, Damien P., ed.
Formato: Libro
Publicado: Oxford : University Press, 2013
Materias:
Etiquetas: Agregar Etiqueta
Sin Etiquetas, Sea el primero en etiquetar este registro!
LEADER 00674nam a22002055a 4500
001 EHU.bham043941
003 AR-BHAM
005 20160504142025.0
008 130507s2013##################000#0#####d
020 |a 9780199587223 
082 8 7 |a 878.07 
245 0 0 |a Augustan poetry and the roman republic /  |c  Ed. Por Joseph Farrell And Damien P. Nelis 
260 |a Oxford :  |b University Press,  |c 2013 
300 |a 393 p. 
653 |a Literatura latina-estudios de 
653 |a Poesía latina-estudios de 
653 |a Roma-república-literatura de 
700 1 |a Farrell, Joseph, ed. 
700 1 |a Nelis, Damien P., ed. 
859 |a AR-BHAM  |b BIB. HUMANIDADES - General  |h 878.07  |i Au45  |p 153.16  |t Ej.1